Statistics for Soccer Teams That Peter Crouch Has Played For

Click here to take the quiz!

General Stats

  • This quiz has been taken 83 times
  • The average score is 7 of 13

Answer Stats

YearsAppearancesGoalsTeam% Correct
2005-2010 (International)4222England
95%
2011-201922546Stoke City
92%
2005-20088522Liverpool
89%
2009-20117312Tottenham Hotspur
85%
201960Burnley
62%
2001-20023718Portsmouth
62%
2008-20093811Portsmouth
62%
2004-20052712Southampton
59%
2002-2004376Aston Villa
49%
2000-20014210Queen's Park Rangers
43%
2003154Norwich City
30%
200061Dulwich Hamlet
4%
200083IFK Hässleholm
3%

Score Distribution

Percentile by Number Answered

Percent of People with Each Score

Your Score History

You have not taken this quiz